000 00571nam a2200193 4500
001 140039
003 ES-MaACL
005 20230906200000.0
007 t|
008 070214s1957 sp r ||||1| spa d
100 1 _aSchreiber, Hermann.
_9104695
245 1 0 _aCiudades sepultadas /
_cHermann Schreiber, Georg Schreiber ; versión de C. R.
250 _a1ª. ed.
260 _aBarcelona :
_bLuis de Caralt,
_c1957.
300 _a304 p., 53 lám. ;
_c22 cm.
700 1 _aSchreiber, Georg.
_9104692
700 1 _aC. R.
_933039
852 _aES-MaACL
_jC-14106
_bR.41648
999 _c140039
_d140039